000 00923nam0a22002771 4500
001 rc\4275851
005 20250612035338.0
021 _aRU
_b[61-54020]
035 _a(NLR Aleph) 008491708
090 _a8054216
_c8054216
100 _a20130416d1958 |||y0rusy50 ca
101 1 _arus
_clav
102 _aRU
105 _ay z |||a|
200 1 _aВышли мы все из народа
_eРоман
_fАвториз пер. с латыш. С. Марковой
210 _aМосква
_cСов. писатель
_d1958
215 _a483 с.
_d21
606 _aЖенщина в Латвийской ССР (х. л.)
_2psbo
607 _aЛатвийская ССР (х. л.)
_2psbo
700 1 _aБерце
_bВ.А.
_f1916-1971
_gВизбул Августович
702 1 _aМаркова
_bС.
_4730
801 0 _aRU
_bNLR
_gpsbo
801 1 _aRU
_bELAR
_2rusmarc
852 _aNLR
_j61-3/3937
942 _cBOOK
980 _aNB